000 00737nam a2200229Ia 4500
003 GCL
008 140319s9999 xx 000 0 ara d
040 _aGCL /
_cGCL
082 0 4 _a621.56
_bر م
100 1 _aرمضان احمد محمود
245 1 0 _aمعدات التبريد : مبادى - تطبيقات - مسائل - محلولة /
_cرمضان احمد محمود
260 _a[S.N] :
_bمنشاة المعارف الاسلامية ،
_c1991
300 _a737 ص
490 _a
650 0 4 _aالتبريد
650 0 4 _aالثلاجات
650 0 4 _aتكييف الهواء
650 0 4 _aالهواء المضغوط
650 0 4 _aغرف التبريد
650 0 4 _aمخازن التبريد
942 _2ddc
_cBK
999 _c33216
_d33216